| 000 | 01261cam a2200289 i 4500 | ||
|---|---|---|---|
| 001 | 3193334 | ||
| 003 | OSt | ||
| 005 | 20230627111224.0 | ||
| 008 | 770913t19781976azua b s101 0 eng | ||
| 010 | _a 77013716 | ||
| 020 |
_a0816506434. _a0816504806 |
||
| 040 |
_aDLC _cDLC _dDLC |
||
| 043 | _an-usp-- | ||
| 050 | 0 | 0 |
_a _b |
| 082 | 0 | 0 |
_a333.9/162/097913 _bPET |
| 245 | 0 | 0 |
_aValues and choices in the development of the Colorado River Basin / _cedited by Dean F. Peterson and A. Berry Crawford ; collaborating authors, Bahe Billy ... [et al.]. |
| 260 |
_aTucson : _bUniversity of Arizona Press, _cc1978. |
||
| 300 |
_axiv, 337 p. : _bill. ; _c24 cm. |
||
| 500 | _aPapers and discussions selected from a symposium held in San Francisco, Feb. 28 and March 1, 1974, and sponsored by the Committee on Arid Lands of the American Association for the Advancement of Science. | ||
| 504 | _aIncludes bibliographies and index. | ||
| 650 | 0 |
_aWater resources development _zColorado River Watershed (Colo.-Mexico) _xCongresses. |
|
| 700 | 1 | _aPeterson, Dean F. | |
| 700 | 1 | _aCrawford, A. Berry. | |
| 710 | 2 |
_aAmerican Association for the Advancement of Science. _bCommittee on Arid Lands. |
|
| 906 |
_a7 _bcbc _corignew _d1 _eocip _f19 _gy-gencatlg |
||
| 942 |
_2ddc _cBK |
||
| 999 |
_c2815 _d2815 |
||